| 000 | 00378nam a2200145Ia 4500 | ||
|---|---|---|---|
| 008 | 210430s9999 xx 000 0 und d | ||
| 020 | _a978-1878954428 | ||
| 082 | _a671.37 G354 P | ||
| 100 |
_aRandall M.German _952247 |
||
| 245 |
_aPowder Metallurgy Science / _cRandall M.German |
||
| 250 | _a2nd edition | ||
| 260 |
_ausa _bMPIF _c1994 |
||
| 300 | _a472P | ||
| 942 |
_cBK _2ddc |
||
| 999 |
_c561933 _d561933 |
||